[Event "Mondiale Lampo FIDE 2022"]
[Site "Alma Ata"]
[Date "29.12.2022"]
[Round "2.5"]
[White "Giri, Anish"]
[Black "Quparadze, Giga"]
[Result "1-0"]
[WhiteTitle ""]
[BlackTitle ""]
[WhiteElo "2764"]
[BlackElo "2470"]
[WhiteFideId "24116068"]
[BlackFideId "13602250"]
[EventDate "29.12.2022"]

1. Nf3 c5 2. c4 Nc6 3. Nc3 Nf6 4. e3 e5 5. Be2 Be7 6. O-O O-O 7. d4 exd4 8. exd4
d5 9. Be3 cxd4 10. Nxd4 Nxd4 11. Bxd4 dxc4 12. Bxc4 Bg4 13. Qd3 Bh5 14. Rfe1 Bg6
15. Qd2 Bd6 16. h3 a6 17. Rad1 Bc7 18. Qg5 Kh8 19. Bc5 Qb8 20. Bxf8 Qxf8 21. Nd5
Qc5 22. Bb3 Ba5 23. Qe3 Qf8 24. Nxf6 gxf6 25. Re2 Kg7 26. Bc2 Qb4 27. Bxg6 hxg6
28. Rd7 Rf8 29. Qb3 Qc5 30. Ree7 Qc1+ 31. Rd1 Qc5 32. Rxb7 Bd8 33. a3 Ba5 34. g3
Bc7 35. Qc3 Qxc3 36. bxc3 Be5 37. c4 Rc8 38. Rdd7 g5 39. Rxf7+ Kg6 40. g4 f5 41.
gxf5+ 1-0

[Event "Mondiale Lampo FIDE 2022"]
[Site "Alma Ata"]
[Date "29.12.2022"]
[Round "2.6"]
[White "Lintchevski, Daniil"]
[Black "Nepomniachtchi, Ian"]
[Result "0-1"]
[WhiteTitle ""]
[BlackTitle ""]
[WhiteElo "2548"]
[BlackElo "2793"]
[WhiteFideId "4171055"]
[BlackFideId "4168119"]
[EventDate "29.12.2022"]

1. e4 c5 2. Nf3 e6 3. d4 cxd4 4. Nxd4 Nc6 5. Nc3 Qc7 6. Be2 a6 7. Nxc6 bxc6 8.
Qd3 d5 9. Qg3 Qxg3 10. hxg3 Bb4 11. Bd2 Nf6 12. g4 O-O 13. g5 Bxc3 14. Bxc3 Nxe4
15. Bd3 Nxg5 16. f4 Ne4 17. Bxe4 dxe4 18. Rd1 h6 19. Kf2 c5 20. Ke3 Bb7 21. Rd6
Rfd8 22. Rhd1 Bd5 23. Rb6 Bxa2 24. Rxa6 Bd5 25. Rb6 f5 26. Rb5 Rdc8 27. Be5 c4
28. Rb6 Ra7 29. Rg1 Kh7 30. g4 fxg4 31. Rxg4 Rf7 32. Ra6 Rg8 33. Ra1 g5 34. Rag1
Rf5 35. Kd4 Kg6 36. R4g3 Rgf8 37. fxg5 Rxg5 38. Bd6 Rf3 39. R3g2 e3 40. Rxg5+
hxg5 41. Re1 Rf2 42. Rxe3 Rxc2 43. Rg3 Kf5 0-1

[Event "Mondiale Lampo FIDE 2022"]
[Site "Alma Ata"]
[Date "29.12.2022"]
[Round "2.7"]
[White "Duda, Jan-Krzysztof"]
[Black "Aravindh, Chithambaram VR."]
[Result "1-0"]
[WhiteTitle ""]
[BlackTitle ""]
[WhiteElo "2729"]
[BlackElo "2607"]
[WhiteFideId "1170546"]
[BlackFideId "5072786"]
[EventDate "29.12.2022"]

1. e4 e5 2. Nf3 Nc6 3. Bc4 Nf6 4. d3 Bc5 5. c3 d6 6. Nbd2 a5 7. Nf1 O-O 8. Ng3
Be6 9. Bb5 h6 10. O-O Bb6 11. h3 Ne7 12. Ba4 Ng6 13. d4 c6 14. Bc2 Bc7 15. Be3
Re8 16. Qd2 d5 17. exd5 Bxd5 18. Bxg6 fxg6 19. Nxe5 Bxe5 20. dxe5 Rxe5 21. Rfe1
Ne4 22. Nxe4 Rxe4 23. f3 Re8 24. a4 Qh4 25. Bf2 Qf6 26. Bd4 Qf7 27. b4 Rxe1+ 28.
Qxe1 axb4 29. cxb4 Re8 30. Qf2 Bc4 31. Re1 Rxe1+ 32. Qxe1 Bb3 33. a5 Bd5 34. Qe5
Kh7 35. Kf2 Bc4 36. Ke3 Qe6 37. Qxe6 Bxe6 38. Be5 Bc4 39. h4 Kg8 40. Kd4 Bf1 41.
g3 Be2 42. f4 h5 43. Kc5 Kf7 44. Kb6 Ba6 45. Bc3 Kg8 46. Bd2 Kf7 47. Be1 Kg8 48.
Bc3 Kf7 49. Kc7 Kg8 50. Kd6 Kf7 51. Ke5 Bd3 52. Bd2 Ba6 53. Be3 Bd3 54. Kd6 Bc4
55. Bd4 Bd3 56. Bc3 Be2 57. Kc7 Ba6 58. Kc8 Kg8 59. Kb8 Kf7 60. Kc7 Kg8 61. b5
cxb5 62. Bb4 Kf7 63. Kd7 Kf6 64. Ke8 Ke6 1-0

[Event "Mondiale Lampo FIDE 2022"]
[Site "Alma Ata"]
[Date "29.12.2022"]
[Round "2.8"]
[White "Murzin, Volodar"]
[Black "Vachier-Lagrave, Maxime"]
[Result "1/2-1/2"]
[WhiteTitle ""]
[BlackTitle ""]
[WhiteElo "2561"]
[BlackElo "2737"]
[WhiteFideId "44155573"]
[BlackFideId "623539"]
[EventDate "29.12.2022"]

1. e4 e5 2. Nf3 Nf6 3. d4 Nxe4 4. Bd3 Nc6 5. Nxe5 Nxe5 6. dxe5 Nc5 7. Bc4 d6 8.
Qf3 Ne6 9. exd6 Bxd6 10. Be3 Bd7 11. Nd2 Bc6 12. Bd5 Bxd5 13. Qxd5 c6 14. Qb3
Qc7 15. Nf3 O-O 16. O-O Bf4 17. Rfe1 b6 18. Rad1 Rad8 19. c3 h6 20. h3 Rxd1 21.
Qxd1 Rd8 22. Qc2 Qd6 23. g3 Qd5 24. Bxf4 Nxf4 25. Qe4 Nxh3+ 26. Kg2 Ng5 27. Nxg5
hxg5 28. Qxd5 Rxd5 29. Re8+ Kh7 30. Re7 Ra5 31. a3 f6 32. Kf3 Kg6 33. Ke4 Rd5
34. Rxa7 Rd2 35. b4 Rxf2 36. Rc7 Re2+ 37. Kf3 Re6 38. g4 b5 39. Ra7 Kh6 40. a4
bxa4 41. Rxa4 g6 42. Ra6 f5 43. b5 fxg4+ 44. Kg2 Re5 45. b6 Rb5 46. c4 Rb2+ 47.
Kg3 c5 48. Kxg4 Rb4 49. Kf3 Rxc4 50. Ra8 Rb4 51. Rh8+ Kg7 52. Rb8 g4+ 53. Kg3
Kf6 54. Rc8 Rxb6 55. Rxc5 Rb4 56. Ra5 Kg7 57. Rc5 Kh6 58. Re5 g5 59. Re8 Kg6 60.
Rg8+ Kf5 1/2-1/2

[Event "Mondiale Lampo FIDE 2022"]
[Site "Alma Ata"]
[Date "29.12.2022"]
[Round "2.9"]
[White "Grischuk, Alexander"]
[Black "Anton Guijarro, David"]
[Result "1/2-1/2"]
[WhiteTitle ""]
[BlackTitle ""]
[WhiteElo "2745"]
[BlackElo "2675"]
[WhiteFideId "4126025"]
[BlackFideId "2285525"]
[EventDate "29.12.2022"]

1. Nf3 d5 2. g3 c5 3. Bg2 Nf6 4. O-O e6 5. b3 Nc6 6. d4 cxd4 7. Nxd4 Bd7 8. Bb2
Be7 9. c4 dxc4 10. bxc4 Rc8 11. Nd2 O-O 12. Qb3 Nxd4 13. Bxd4 Bc6 14. Bxc6 Rxc6
15. Nf3 b6 16. a4 Qc8 17. a5 Rxc4 18. axb6 1/2-1/2

[Event "Mondiale Lampo FIDE 2022"]
[Site "Alma Ata"]
[Date "29.12.2022"]
[Round "2.10"]
[White "Ter-Sahakyan, Samvel"]
[Black "Andreikin, Dmitry"]
[Result "1/2-1/2"]
[WhiteTitle ""]
[BlackTitle ""]
[WhiteElo "2605"]
[BlackElo "2729"]
[WhiteFideId "13302531"]
[BlackFideId "4158814"]
[EventDate "29.12.2022"]

1. d4 d5 2. c4 e6 3. Nf3 Nf6 4. g3 Be7 5. Bg2 O-O 6. O-O Nbd7 7. Qc2 c6 8. Bf4
Nh5 9. Bc1 Nhf6 10. Nbd2 b6 11. e4 Nxe4 12. Nxe4 dxe4 13. Qxe4 Bb7 14. Rd1 Re8
15. Bf4 Qc8 16. Qc2 c5 17. d5 exd5 18. cxd5 Bf6 19. h4 h6 20. Nd2 Bd4 21. Nc4
Nf6 22. Nd6 Qd7 23. Nxb7 Qxb7 24. d6 Ne4 25. d7 Re7 26. Be3 f5 27. Bxd4 cxd4 28.
Rxd4 Rd8 29. Rad1 Rexd7 30. Rxd7 Rxd7 31. Rxd7 Qxd7 32. Bxe4 fxe4 33. Qxe4 Qd2
34. Qe5 Qc2 35. a3 Kh7 36. Kg2 a5 37. g4 Qc6+ 38. Kg3 a4 39. g5 hxg5 40. hxg5
Qc2 41. f4 Qd3+ 42. Kg4 Qd1+ 43. Kg3 Qd3+ 44. Kf2 Qd2+ 45. Kf3 Qd3+ 46. Qe3 Qd1+
47. Qe2 Qb3+ 48. Kg4 Qd5 49. Qc2+ g6 50. Qc7+ Kg8 51. Qb8+ Kf7 52. Qc7+ Kg8 53.
Qb8+ Kf7 54. Qc7+ Kg8 55. Qc8+ Kf7 56. Qc2 Kg7 57. Qc3+ Kg8 58. Qf3 Qd4 59. Qa8+
Kf7 60. Qb7+ Kg8 61. Qc8+ Kf7 62. Qc7+ Kg8 63. Qc3 Qd5 64. Kg3 b5 65. Qe5 Qd3+
66. Kf2 Qd2+ 67. Kf3 Qd3+ 68. Qe3 Qd5+ 69. Kg3 Kf7 70. Qa7+ Kg8 71. Qb8+ Kf7 72.
Qc7+ Kg8 73. Qc8+ Kf7 74. Qc7+ Kg8 75. Qe5 Qd3+ 76. Kf2 Qd2+ 77. Kf3 Qd3+ 78.
Kf2 Qd2+ 1/2-1/2

[Event "Mondiale Lampo FIDE 2022"]
[Site "Alma Ata"]
[Date "29.12.2022"]
[Round "2.11"]
[White "Jumabayev, Rinat"]
[Black "Mamedyarov, Shakhriyar"]
[Result "0-1"]
[WhiteTitle ""]
[BlackTitle ""]
[WhiteElo "2609"]
[BlackElo "2740"]
[WhiteFideId "13702661"]
[BlackFideId "13401319"]
[EventDate "29.12.2022"]

1. d4 Nf6 2. c4 e6 3. Nf3 Bb4+ 4. Nbd2 d5 5. Qa4+ Nc6 6. a3 Be7 7. Qc2 a5 8. b3
O-O 9. Bb2 a4 10. b4 dxc4 11. Nxc4 b6 12. e3 Bb7 13. Be2 Bd6 14. O-O Ne7 15.
Rfd1 Ng6 16. Nce5 Qc8 17. Rac1 Bd5 18. Nd2 Qb7 19. f3 c5 20. Nxg6 hxg6 21. e4
cxb4 22. axb4 Bxb4 23. exd5 Nxd5 24. Nf1 Bd6 25. Bb5 a3 26. Ba1 Qe7 27. Qb3 Nf4
28. g3 Nd5 29. Bc6 Rac8 30. Bxd5 exd5 31. Ne3 Qe6 32. Kf2 Rfd8 33. Bc3 Re8 34.
Bd2 Qh3 35. Nf1 Qd7 36. Qxb6 Rb8 37. Qa6 Rb2 38. Kg1 Re6 39. Qd3 Re8 40. Rc2
Reb8 41. Rxb2 Rxb2 42. Bc1 Ra2 43. Qb3 Ra1 44. Bd2 Rxd1 45. Qxd1 Qa7 46. Bc3 Qc7
47. Qb3 Qe7 48. Kf2 Qe6 49. Bb4 Bxb4 50. Qxb4 Qa6 51. Qb8+ Kh7 52. Qb1 Qc4 53.
Nd2 Qxd4+ 54. Ke2 Qe5+ 55. Kd1 Qd4 56. Qa2 Qg1+ 57. Kc2 Qxh2 58. g4 Qc7+ 59. Kb3
Qa5 60. Kc2 Qa4+ 61. Kd3 Kh6 62. Nb1 Qc4+ 0-1

[Event "Mondiale Lampo FIDE 2022"]
[Site "Alma Ata"]
[Date "29.12.2022"]
[Round "2.12"]
[White "Amin, Bassem"]
[Black "Tang, Andrew"]
[Result "1-0"]
[WhiteTitle ""]
[BlackTitle ""]
[WhiteElo "2682"]
[BlackElo "2540"]
[WhiteFideId "10601457"]
[BlackFideId "2059630"]
[EventDate "29.12.2022"]

1. Nf3 d5 2. g3 Nf6 3. Bg2 e6 4. O-O Be7 5. d3 O-O 6. Nbd2 c5 7. e4 Nc6 8. Re1
b5 9. e5 Nd7 10. Nf1 a5 11. h4 b4 12. N1h2 a4 13. Bf4 a3 14. b3 Nd4 15. Nxd4
cxd4 16. Qg4 Kh8 17. Bd2 Qb6 18. Nf3 Bc5 19. Ng5 h6 20. Qh5 Kg8 21. Nh3 Be7 22.
Bxh6 gxh6 23. Qxh6 Re8 24. Be4 dxe4 25. Rxe4 Nxe5 26. Rxe5 Ra5 27. Ng5 Bxg5 28.
Qxg5+ Kf8 29. Rxa5 Bb7 30. Qc5+ Qxc5 31. Rxc5 Bd5 32. Re1 Rd8 33. f4 Kg7 34. Kf2
f5 35. Rb5 Rc8 36. Re2 1-0

[Event "Mondiale Lampo FIDE 2022"]
[Site "Alma Ata"]
[Date "29.12.2022"]
[Round "2.13"]
[White "Nihal, Sarin"]
[Black "Moiseenko, Alexander"]
[Result "1-0"]
[WhiteTitle ""]
[BlackTitle ""]
[WhiteElo "2670"]
[BlackElo "2577"]
[WhiteFideId "25092340"]
[BlackFideId "14102560"]
[EventDate "29.12.2022"]

1. d4 Nf6 2. Nf3 e6 3. Bf4 Be7 4. Nbd2 Nh5 5. Bg3 d6 6. e4 Nd7 7. Bd3 g6 8. c3
b6 9. Qe2 Bb7 10. Ba6 Bxa6 11. Qxa6 O-O 12. O-O Bf6 13. Rfe1 Nxg3 14. hxg3 Bg7
15. a4 Qc8 16. Qe2 a5 17. Nc4 Qa6 18. Nfd2 Rfe8 19. Qf3 Rad8 20. Na3 e5 21. Nb5
Qb7 22. d5 Rf8 23. g4 Bh6 24. Nc4 Kh8 25. b4 axb4 26. cxb4 Kg7 27. Re2 Nb8 28.
Rc2 Na6 29. Rb1 Rd7 30. g5 Bxg5 31. Qg4 f5 32. Qxg5 fxe4 33. Ne3 Rdf7 34. Rbb2
h5 35. Rc4 Qc8 36. Nxd6 1-0

[Event "Mondiale Lampo FIDE 2022"]
[Site "Alma Ata"]
[Date "29.12.2022"]
[Round "2.14"]
[White "Jobava, Baadur"]
[Black "Tomashevsky, Evgeny"]
[Result "0-1"]
[WhiteTitle ""]
[BlackTitle ""]
[WhiteElo "2578"]
[BlackElo "2694"]
[WhiteFideId "13601520"]
[BlackFideId "4147235"]
[EventDate "29.12.2022"]

1. e4 e5 2. Nf3 Nc6 3. d4 exd4 4. Nxd4 Nf6 5. Nxc6 bxc6 6. Bd3 d5 7. exd5 cxd5
8. O-O Be7 9. h3 O-O 10. Nd2 c5 11. b3 a5 12. a4 Ba6 13. Qe2 Bxd3 14. Qxd3 Qd6
15. Bb2 Rfe8 16. Rad1 Qc6 17. Rfe1 h6 18. Qb5 Qxb5 19. axb5 Kf8 20. Nf3 d4 21.
Ba3 Nd7 22. Ne5 Nxe5 23. Rxe5 Rec8 24. Rde1 Ra7 25. Kf1 Rb7 26. Ke2 Rxb5 27. Re4
a4 28. bxa4 Ra5 29. Kd1 Bd6 30. Bc1 Rxa4 31. R4e2 c4 32. Re4 Bb4 33. R1e2 Bc3
34. Rf4 Ra1 35. Re5 Bb2 36. Rb5 Bxc1 37. Rf3 d3 38. Rb7 Bg5+ 0-1

[Event "Mondiale Lampo FIDE 2022"]
[Site "Alma Ata"]
[Date "29.12.2022"]
[Round "2.15"]
[White "Munkhgal, Gombosuren"]
[Black "Vidit, Santosh Gujrathi"]
[Result "0-1"]
[WhiteTitle ""]
[BlackTitle ""]
[WhiteElo "2463"]
[BlackElo "2730"]
[WhiteFideId "4901266"]
[BlackFideId "5029465"]
[EventDate "29.12.2022"]

1. d4 Nf6 2. Bf4 e6 3. e3 c5 4. Nf3 Nc6 5. c3 h6 6. h3 d5 7. Nbd2 Bd6 8. Bxd6
Qxd6 9. Bb5 Bd7 10. O-O O-O 11. Re1 Nxd4 12. Nxd4 cxd4 13. Bxd7 dxc3 14. Bb5
cxd2 15. Qxd2 Rac8 16. Bd3 Rc7 17. Rac1 Rfc8 18. Rxc7 Rxc7 19. Bb1 Rc6 20. Rd1
Qc7 21. g3 a6 22. Kg2 Qb6 23. Qe2 g6 24. Qd2 Kg7 25. Qe2 h5 26. Qd2 Qc5 27. Qe2
Rc7 28. Qd2 Nd7 29. e4 dxe4 30. Bxe4 Nf6 31. Bf3 Rd7 32. Qe2 Rxd1 33. Qxd1 b6
34. h4 a5 35. Qd3 Qb4 36. Qe2 Qd4 37. Qb5 Nd7 38. a3 Ne5 39. Bb7 Nd3 40. f4
Qxb2+ 41. Qxb2+ Nxb2 42. Kf3 Nc4 43. a4 Nd6 44. Bc6 Kf6 45. Ke3 Nf5+ 46. Kf2 Nd4
47. Be4 Ke7 48. Ke3 Nf5+ 49. Kf3 Kd6 50. Bd3 Kc5 51. Kf2 Nd6 52. Bc2 b5 53. axb5
Kxb5 54. Kf3 a4 55. g4 hxg4+ 56. Kxg4 Kb4 57. Kg5 a3 58. Bb1 Kc3 59. Ba2 Kb2 0-1

[Event "Mondiale Lampo FIDE 2022"]
[Site "Alma Ata"]
[Date "29.12.2022"]
[Round "2.16"]
[White "Abdusattorov, Nodirbek"]
[Black "Savchenko, Boris"]
[Result "1-0"]
[WhiteTitle ""]
[BlackTitle ""]
[WhiteElo "2713"]
[BlackElo "2552"]
[WhiteFideId "14204118"]
[BlackFideId "4147332"]
[EventDate "29.12.2022"]

1. e4 c5 2. Nf3 d6 3. c3 Nf6 4. Be2 g6 5. O-O Bg7 6. Bb5+ Nbd7 7. Re1 a6 8. Ba4
b5 9. Bc2 c4 10. a4 Bb7 11. axb5 axb5 12. Rxa8 Qxa8 13. Na3 Nxe4 14. Nxb5 O-O
15. Nc7 Nxf2 16. Nxa8 Nxd1 17. Nc7 Nc5 18. Rxd1 Rb8 19. d4 cxd3 20. Bxd3 Bc6 21.
Bc2 Rb7 22. Nd5 h6 23. Nb4 Be8 24. Be3 Rb8 25. Nd4 Rc8 26. Nd5 Kf8 27. b4 Ne6
28. Nxe6+ fxe6 29. Rf1+ Bf6 30. Nxf6 exf6 31. Rxf6+ Ke7 32. Rf3 1-0

[Event "Mondiale Lampo FIDE 2022"]
[Site "Alma Ata"]
[Date "29.12.2022"]
[Round "2.17"]
[White "Durarbayli, Vasif"]
[Black "Van Foreest, Jorden"]
[Result "1/2-1/2"]
[WhiteTitle ""]
[BlackTitle ""]
[WhiteElo "2612"]
[BlackElo "2690"]
[WhiteFideId "13402935"]
[BlackFideId "1039784"]
[EventDate "29.12.2022"]

1. e4 e5 2. Nf3 Nc6 3. Bc4 Nf6 4. d3 Bc5 5. O-O d6 6. c3 Bb6 7. a4 h6 8. Re1 O-O
9. h3 a5 10. Nbd2 Re8 11. Nf1 Be6 12. b3 d5 13. exd5 Bxd5 14. Ng3 Qd7 15. Be3
Rad8 16. Bxb6 cxb6 17. Bb5 Qc7 18. Nd2 Be6 19. Qf3 Nd5 20. Rac1 f6 21. Nde4 Kh8
22. d4 exd4 23. cxd4 Bg8 24. Nf5 Bh7 25. Ned6 Rxe1+ 26. Rxe1 Rxd6 27. Re8+ Bg8
28. Nxd6 Qxd6 29. Bc4 Nde7 30. Qe4 Qd7 31. Ra8 Nd8 32. Bxg8 Nxg8 33. d5 Ne7 34.
Qe6 Qc7 35. d6 Qc1+ 36. Kh2 Qf4+ 37. Kg1 Nc6 38. d7 Kh7 39. g3 Qe5 40. Qe8 Qc7
41. Rc8 Qd6 42. Qe4+ g6 43. Qe8 Qd1+ 44. Kg2 Qd5+ 45. Kg1 Qg8 46. Kg2 Kg7 47. h4
h5 48. Ra8 Qd5+ 49. Kg1 Qd1+ 50. Kg2 Qd5+ 51. Kg1 Qg8 52. Rc8 Qf8 53. Ra8 Qg8 1/2-1/2

[Event "Mondiale Lampo FIDE 2022"]
[Site "Alma Ata"]
[Date "29.12.2022"]
[Round "2.18"]
[White "Kobalia, Mikhail"]
[Black "Sanal, Vahap"]
[Result "0-1"]
[WhiteTitle ""]
[BlackTitle ""]
[WhiteElo "2577"]
[BlackElo "2597"]
[WhiteFideId "4119150"]
[BlackFideId "6300545"]
[EventDate "29.12.2022"]

1. e4 e5 2. Nf3 Nc6 3. Bb5 a6 4. Ba4 Nf6 5. O-O Be7 6. Re1 b5 7. Bb3 O-O 8. a4
Bb7 9. d3 d6 10. Bd2 Qd7 11. Nc3 Nd8 12. axb5 axb5 13. Rxa8 Bxa8 14. Ne2 Ne6 15.
Ng3 g6 16. h3 Re8 17. Ng5 Nxg5 18. Bxg5 Kg7 19. Qd2 Ng8 20. Ra1 h6 21. Be3 c5
22. Ne2 b4 23. Ba4 Bc6 24. Bxc6 Qxc6 25. c3 d5 26. exd5 Qxd5 27. Ra7 Rd8 28.
Bxh6+ Nxh6 29. Rxe7 Nf5 30. c4 Qd6 31. Qg5 Qxe7 0-1

[Event "Mondiale Lampo FIDE 2022"]
[Site "Alma Ata"]
[Date "29.12.2022"]
[Round "2.19"]
[White "Najer, Evgeniy"]
[Black "Sadhwani, Raunak"]
[Result "1-0"]
[WhiteTitle ""]
[BlackTitle ""]
[WhiteElo "2662"]
[BlackElo "2627"]
[WhiteFideId "4118987"]
[BlackFideId "35093487"]
[EventDate "29.12.2022"]

1. e4 e5 2. Nf3 Nc6 3. Bb5 Nge7 4. Nc3 Ng6 5. O-O Bc5 6. Nd5 O-O 7. c3 a6 8. Ba4
b5 9. Bb3 Be7 10. a4 Rb8 11. axb5 axb5 12. d4 d6 13. Re1 Bg4 14. Nxe7+ Qxe7 15.
Ra6 Qe8 16. d5 Nce7 17. h3 Bd7 18. Ra7 Ra8 19. Rxa8 Qxa8 20. Be3 h6 21. g4 Rd8
22. Qd2 Kh7 23. Nh2 f6 24. Nf1 c6 25. Ng3 cxd5 26. exd5 f5 27. gxf5 Nxf5 28. Bc2
Rf8 29. Nxf5 Bxf5 30. Bxf5 Rxf5 31. Qd3 Qc8 32. Qe4 Qd7 33. Ra1 Rf6 34. Kh2 Qf7
35. Rf1 Rf5 36. Ra1 Ne7 37. Ra7 g6 38. Kg2 Kg7 39. b3 Kf6 40. c4 bxc4 41. bxc4
g5 42. Rd7 Qf8 43. c5 Kg6 44. Rxd6+ Kg7 45. Rd7 Kg8 46. d6 Ng6 47. Ra7 Nh4+ 48.
Kf1 Qb8 49. Ra8 1-0

[Event "Mondiale Lampo FIDE 2022"]
[Site "Alma Ata"]
[Date "29.12.2022"]
[Round "2.20"]
[White "Rapport, Richard"]
[Black "Sychev, Klementy"]
[Result "1/2-1/2"]
[WhiteTitle ""]
[BlackTitle ""]
[WhiteElo "2740"]
[BlackElo "2556"]
[WhiteFideId "738590"]
[BlackFideId "4114060"]
[EventDate "29.12.2022"]

1. e4 e5 2. Nf3 Nc6 3. Bc4 Nf6 4. Ng5 d5 5. exd5 Na5 6. Bb5+ c6 7. dxc6 bxc6 8.
Be2 h6 9. Nh3 Bc5 10. d3 O-O 11. c3 Nb7 12. O-O Nd6 13. Nd2 Bxh3 14. gxh3 Qd7
15. Bf3 Qxh3 16. Bg2 Qf5 17. Qf3 Qg6 18. Qg3 Qh5 19. Nf3 e4 20. Ne5 Nf5 21. Qh3
Nh4 22. dxe4 Rfe8 23. Nf3 Nxg2 24. Qxh5 Nxh5 25. Kxg2 Rxe4 26. Re1 Rae8 27. Bd2
Nf6 28. Rxe4 Rxe4 29. Re1 Kf8 30. h3 Ke7 31. Ne5 Rxe1 32. Bxe1 Kd6 33. Nxf7+ Ke6
34. Nd8+ Kd7 35. Nb7 Bb6 36. c4 c5 37. Na5 Ne4 38. Nb3 Nd6 39. Nd2 Ba5 40. b3
Ke6 41. Kf3 Nf5 42. Ke4 Nd4 43. Nf3 Nxf3 44. Bxa5 Ng5+ 45. Ke3 Nxh3 46. Bc7 Ng5
47. a3 Kf5 48. b4 Ne6 49. Bd6 cxb4 50. axb4 a6 51. b5 axb5 52. cxb5 Nd8 53. Kd4
Ke6 54. Be5 g5 55. Bc7 Nb7 56. b6 h5 57. Ke4 Nc5+ 58. Kf3 Kf5 59. Bd6 Nb7 60.
Be7 Na5 61. Ke3 Nc4+ 62. Kf3 Nxb6 63. Kg3 Nd5 64. Bd8 Nc3 65. f3 Ne2+ 66. Kf2
Nf4 67. Kg3 Ne6 68. Bb6 Nf4 69. Bd8 Nd5 70. Ba5 h4+ 71. Kg2 Kf4 72. Bd2+ Kf5 73.
Kh3 Nf4+ 74. Kh2 Ne2 75. Be3 Nc3 76. Kh3 Nd5 77. Bd2 Nb6 78. Be1 Nc4 79. Bxh4
Ke5 1/2-1/2

[Event "Mondiale Lampo FIDE 2022"]
[Site "Alma Ata"]
[Date "29.12.2022"]
[Round "2.21"]
[White "Pantsulaia, Levan"]
[Black "Brunello, Sabino"]
[Result "1/2-1/2"]
[WhiteTitle ""]
[BlackTitle ""]
[WhiteElo "2597"]
[BlackElo "2519"]
[WhiteFideId "13602071"]
[BlackFideId "813613"]
[EventDate "29.12.2022"]

1. Nf3 d5 2. c4 c6 3. g3 Bg4 4. Ne5 Be6 5. d4 Nd7 6. cxd5 Bxd5 7. f3 Nxe5 8.
dxe5 Bc4 9. Qxd8+ Rxd8 10. e4 Bxf1 11. Rxf1 e6 12. Ke2 Bc5 13. Nd2 Ne7 14. Nb3
Bb6 15. a4 Bc7 16. f4 b6 17. Be3 c5 18. Rfc1 a5 19. Nd2 Nc6 20. Nc4 Ke7 21. b3
Nd4+ 22. Bxd4 Rxd4 23. Rd1 Rhd8 24. Rxd4 Rxd4 25. Ke3 f6 26. exf6+ gxf6 27. Ra2
Rd1 28. Rd2 Rb1 29. Rd3 Rh1 30. h4 h5 31. Kf3 Rf1+ 32. Kg2 Re1 33. Ne3 Bb8 34.
Kf3 Rc1 35. Nc4 Bc7 36. Ne3 Bb8 37. Ke2 Rg1 38. Kf2 Rc1 39. Nc4 Bc7 40. Na3 Bb8
41. Kf3 Ra1 42. Nc2 Rc1 43. Ne3 Bc7 44. Nc4 Rf1+ 45. Ke2 Rg1 46. Nd2 Rc1 47. Nc4
Rg1 48. Kf2 Rc1 49. Kf3 Rf1+ 50. Ke2 Rg1 51. Kf2 Rc1 52. Kf3 1/2-1/2

[Event "Mondiale Lampo FIDE 2022"]
[Site "Alma Ata"]
[Date "29.12.2022"]
[Round "2.22"]
[White "Narayanan, S.L."]
[Black "Asadli, Vugar"]
[Result "0-1"]
[WhiteTitle ""]
[BlackTitle ""]
[WhiteElo "2669"]
[BlackElo "2567"]
[WhiteFideId "5058422"]
[BlackFideId "13405764"]
[EventDate "29.12.2022"]

1. d4 Nf6 2. c4 g6 3. g3 Bg7 4. Bg2 O-O 5. Nc3 d6 6. Nf3 Nbd7 7. Bf4 Nh5 8. Bg5
h6 9. Be3 Nhf6 10. O-O c6 11. h3 e5 12. d5 c5 13. a3 Qe7 14. b4 b6 15. Qc1 Kh7
16. Rb1 Ne8 17. bxc5 bxc5 18. Nd2 f5 19. Nb3 Nb6 20. Na5 e4 21. Nb5 Bd7 22. Rd1
Bxb5 23. Rxb5 Nf6 24. Nc6 Qc7 25. Bd2 Nfd7 26. Bc3 Bxc3 27. Qxc3 Rae8 28. e3 Ne5
29. Nxe5 Rxe5 30. Rdb1 Qg7 31. Qc2 Re7 32. a4 Nd7 33. a5 Ne5 34. Bf1 h5 35. a6
h4 36. Rb7 Rff7 37. Rxe7 Rxe7 38. gxh4 Nf3+ 39. Kg2 Qe5 0-1

[Event "Mondiale Lampo FIDE 2022"]
[Site "Alma Ata"]
[Date "29.12.2022"]
[Round "2.23"]
[White "Ganguly, Surya Shekhar"]
[Black "Salem, A.R. Saleh"]
[Result "1-0"]
[WhiteTitle ""]
[BlackTitle ""]
[WhiteElo "2582"]
[BlackElo "2677"]
[WhiteFideId "5002150"]
[BlackFideId "9301348"]
[EventDate "29.12.2022"]

1. e4 e5 2. Nf3 Nc6 3. d4 exd4 4. Nxd4 Nf6 5. Nxc6 bxc6 6. Nd2 Bc5 7. Nb3 Nxe4
8. Nxc5 Nxc5 9. Be3 Qe7 10. Qh5 d6 11. O-O-O O-O 12. Bxc5 dxc5 13. Bd3 g6 14.
Qf3 Rb8 15. h4 Be6 16. h5 Qg5+ 17. Qe3 Qxe3+ 18. fxe3 Rfe8 19. hxg6 hxg6 20. Rh4
Rb4 21. Rdh1 Kg7 22. a3 Rxh4 23. Rxh4 Bd5 24. e4 Be6 25. Kd2 Kf6 26. Kc3 Kg5 27.
g3 Kf6 28. Bc4 Rd8 29. b3 Rd4 30. Rf4+ Ke5 31. Bxe6 Kxe6 32. b4 f6 33. Rh4 g5
34. Rh7 Rd7 35. Rxd7 Kxd7 36. bxc5 Ke6 37. Kd4 f5 38. exf5+ Kxf5 39. Ke3 Kg4 40.
Kf2 a6 41. Kg2 Kf5 42. Kf3 g4+ 43. Ke3 Ke5 44. c4 a5 45. a4 Kf5 46. Kd4 Kf6 47.
Ke4 Kg5 48. Ke5 Kg6 49. Kf4 Kf6 50. Kxg4 Ke5 51. Kh5 Kd4 52. g4 1-0

[Event "Mondiale Lampo FIDE 2022"]
[Site "Alma Ata"]
[Date "29.12.2022"]
[Round "2.24"]
[White "Niemann, Hans Moke"]
[Black "Dardha, Daniel"]
[Result "1-0"]
[WhiteTitle ""]
[BlackTitle ""]
[WhiteElo "2698"]
[BlackElo "2606"]
[WhiteFideId "2093596"]
[BlackFideId "240990"]
[EventDate "29.12.2022"]

1. d4 d5 2. c4 e6 3. Nf3 Nf6 4. g3 Bb4+ 5. Bd2 a5 6. a3 Be7 7. Qc2 O-O 8. Bg2
dxc4 9. Qxc4 b6 10. Nc3 Bb7 11. O-O Nbd7 12. Rfd1 c5 13. Ne5 Bxg2 14. Kxg2 cxd4
15. Qxd4 Bc5 16. Qf4 Bd6 17. Nxf7 Bxf4 18. Nxd8 Bxd2 19. Nxe6 Bxc3 20. Nxf8 Bxb2
21. Rab1 Kxf8 22. Rxb2 Rc8 23. e4 Ke7 24. e5 Ng4 25. e6 Kxe6 26. Re2+ Nde5 27.
f4 Rc2 28. Re1 Rc3 29. fxe5 Rxa3 30. h3 Nh6 31. Rb2 Nf5 32. Rxb6+ Ke7 33. e6
Ra2+ 34. Kf3 Ra3+ 35. Kf4 Nd6 36. Ra6 Ra4+ 37. Ke5 Nc4+ 38. Kd5 1-0

[Event "Mondiale Lampo FIDE 2022"]
[Site "Alma Ata"]
[Date "29.12.2022"]
[Round "2.25"]
[White "Dragnev, Valentin"]
[Black "Petrosian, Tigran L."]
[Result "1-0"]
[WhiteTitle ""]
[BlackTitle ""]
[WhiteElo "2556"]
[BlackElo "2551"]
[WhiteFideId "1634852"]
[BlackFideId "13301616"]
[EventDate "29.12.2022"]

1. e4 g6 2. d4 Bg7 3. Nf3 d6 4. Be3 Nf6 5. Nc3 c6 6. h3 O-O 7. a4 Qc7 8. Qd2
Nbd7 9. Bc4 Nxe4 10. Bxf7+ Rxf7 11. Nxe4 Nf6 12. Nxf6+ Rxf6 13. Ng5 Bf5 14. O-O
h6 15. Nf3 g5 16. Nh2 Raf8 17. f4 gxf4 18. Rxf4 e5 19. Rf2 Qe7 20. Raf1 Be6 21.
dxe5 Rxf2 22. Rxf2 Rxf2 23. Qxf2 Bxe5 24. b3 Qf7 25. Qxf7+ Kxf7 26. Nf3 Bg7 27.
Bxa7 c5 28. Bb6 Bf5 29. Ne1 Bc3 30. Nd3 Ke6 31. Kf2 Kd7 32. g4 Bh7 33. h4 Bf6
34. Kg3 Kc6 35. Ba5 d5 36. Bd2 c4 37. bxc4 dxc4 38. Nb4+ Kc5 39. c3 Be5+ 40. Kf3
Bg7 41. Kf4 Bg6 42. h5 Be8 43. Kf5 Kd6 44. a5 Kc5 45. a6 bxa6 46. Nxa6+ Kb5 47.
Nc7+ Ka4 48. Nxe8 Bf8 49. Ke4 Kb3 50. Kf3 Kc2 51. Ke2 Be7 52. Ng7 Bf6 53. Nf5
Bxc3 54. Bxc3 Kxc3 55. g5 1-0